| 000 | 00387nam a2200169Ia 4500 | ||
|---|---|---|---|
| 008 | 210210b1914 xxu||||| |||| 00| 0 eng d | ||
| 041 | _aeng | ||
| 082 | _a883/53 | ||
| 100 | _aKALIDASA | ||
| 245 | _aVikramorvashiyam by ranganAth | ||
| 260 |
_aBombay _b- _c1914 |
||
| 650 | _aVikramorvashiyam | ||
| 650 | _aranganAth | ||
| 650 | _aby | ||
| 690 | _aSanskrit Drama | ||
| 906 | _a024383 | ||
| 999 |
_c149873 _d149873 |
||